[Event "CAN-op (Pinnacle 48th CAN Op Ch)"]
[Site "Toronto CAN"]
[Date "2011.07.13"]
[Round "5"]
[White "Lacau Rodean, Iulia"]
[Black "Wiebe, Daniel"]
[Result "0-1"]
[WhiteElo "2091"]
[BlackElo "1938"]
[PlyCount "60"]
[GameId "2160767909707251"]
[EventDate "2011.07.09"]
[EventType "swiss"]
[EventRounds "9"]
[EventCountry "CAN"]
[SourceTitle "hb 2011"]

1. e4 c5 2. Nf3 d6 3. g3 Nf6 4. d3 e6 5. Bg2 Nc6 6. O-O Be7 7. h3 O-O 8. Be3 d5 9. e5 Nd7 10. Bf4 f6 11. Re1 fxe5 12. Bd2 Bf6 13. Bc3 Qc7 14. g4 Nd4 15. Bxd4 exd4 16. Qe2 Nb6 17. g5 Be7 18. h4 Bd6 19. Nbd2 Qf7 20. g6 Qxg6 21. Ne5 Qf5 22. Ndf3 Nd7 23. Nxd7 Bxd7 24. Qd2 Bf4 25. Qe2 Rf7 26. Rf1 Raf8 27. Rae1 Rf6 28. Ne5 Bc8 29. Ng4 Rg6 30. Ne5 Qh3 0-1

[Event "CAN-op (Pinnacle 48th CAN Op Ch)"]
[Site "Toronto CAN"]
[Date "2011.07.13"]
[Round "5"]
[White "Lin, Tony"]
[Black "Gulati, Ashish"]
[Result "1/2-1/2"]
[WhiteElo "2023"]
[BlackElo "2210"]
[PlyCount "77"]
[GameId "2160767909707252"]
[EventDate "2011.07.09"]
[EventType "swiss"]
[EventRounds "9"]
[EventCountry "CAN"]
[SourceTitle "EXT 2022"]
[Source "ChessBase"]
[SourceDate "2021.10.06"]
[SourceVersion "1"]
[SourceVersionDate "2021.10.06"]
[SourceQuality "1"]

1. d4 g6 2. e4 Bg7 3. Nc3 d6 4. Be3 Nf6 5. f3 Nbd7 6. Qd2 e5 7. d5 a6 8. a4 O-O 9. Nge2 Ne8 10. h4 f5 11. Bg5 Bf6 12. Bxf6 Nexf6 13. exf5 gxf5 14. Ng3 f4 15. Nge4 Nxe4 16. Nxe4 Nf6 17. Bd3 Nxe4 18. Bxe4 Bf5 19. Qb4 Qd7 20. O-O-O Bxe4 21. Qxe4 Kh8 22. Rhg1 b5 23. a5 Qf5 24. Rd3 Qxe4 25. fxe4 Rg8 26. Rc3 Raf8 27. Rf3 Rg4 28. Kd1 Rfg8 29. Ke1 b4 30. Kf2 Rg3 31. Rxg3 Rxg3 32. Rd1 Kg7 33. Rd3 Rxd3 34. cxd3 Kf6 35. Kf3 h5 36. Ke2 Ke7 37. Kd2 Kd7 38. Kc2 c5 39. b3 1/2-1/2

[Event "CAN-op (Pinnacle 48th CAN Op Ch)"]
[Site "Toronto CAN"]
[Date "2011.07.13"]
[Round "5"]
[White "Luo, Zhao Yang"]
[Black "Castle, Larry"]
[Result "1-0"]
[WhiteElo "1894"]
[BlackElo "1724"]
[PlyCount "71"]
[GameId "2160767909707254"]
[EventDate "2011.07.09"]
[EventType "swiss"]
[EventRounds "9"]
[EventCountry "CAN"]
[SourceTitle "EXT 2022"]
[Source "ChessBase"]
[SourceDate "2021.10.06"]
[SourceVersion "1"]
[SourceVersionDate "2021.10.06"]
[SourceQuality "1"]

1. d4 Nf6 2. Nf3 e6 3. e3 d5 4. Bd3 c5 5. b3 Nc6 6. a3 Bd6 7. O-O O-O 8. Bb2 cxd4 9. exd4 Qc7 10. Qe2 Re8 11. Ne5 Nd7 12. f4 f6 13. Bxh7+ Kf8 14. Ng6+ Kf7 15. Qh5 Nf8 16. Nc3 a6 17. Rae1 Nxh7 18. Nxd5 exd5 19. Nh8+ Kg8 20. Rxe8+ Nf8 21. Ng6 Bg4 22. Qxd5+ Qf7 23. Qxf7+ Kxf7 24. Rxa8 Kxg6 25. d5 Bc5+ 26. Kh1 Nd4 27. Bxd4 Bxd4 28. h3 Bf5 29. Rd1 Bb6 30. d6 Bxc2 31. Rd2 Bf5 32. d7 Be4 33. Rd6 Bc7 34. Rc8 Bxd6 35. d8=Q Bxa3 36. Qe8+ 1-0

[Event "CAN-op (Pinnacle 48th CAN Op Ch)"]
[Site "Toronto CAN"]
[Date "2011.07.13"]
[Round "5"]
[White "Manalo, Pepin"]
[Black "Bellissimo, Joseph"]
[Result "1-0"]
[WhiteElo "1769"]
[BlackElo "1977"]
[PlyCount "95"]
[GameId "2160767909707255"]
[EventDate "2011.07.09"]
[EventType "swiss"]
[EventRounds "9"]
[EventCountry "CAN"]
[SourceTitle "EXT 2022"]
[Source "ChessBase"]
[SourceDate "2021.10.06"]
[SourceVersion "1"]
[SourceVersionDate "2021.10.06"]
[SourceQuality "1"]

1. e4 e6 2. d3 d5 3. Nd2 c5 4. Ngf3 Nc6 5. g3 Bd6 6. Bg2 Nge7 7. O-O O-O 8. Re1 Qc7 9. c3 f6 10. d4 c4 11. Qe2 b5 12. a3 a5 13. e5 fxe5 14. dxe5 Bc5 15. Nf1 Bb7 16. Bf4 Rae8 17. Ng5 Ng6 18. Qh5 h6 19. Qxg6 hxg5 20. Qxg5 Re7 21. Bh3 Bc8 22. Rad1 Ref7 23. Ne3 Bxe3 24. fxe3 Qb6 25. Bg4 Qa7 26. Kg2 Ne7 27. h4 Nf5 28. Rd2 Qe7 29. Qh5 Bb7 30. Kh3 Qe8 31. Bd1 Rc7 32. Qg4 g6 33. Bc2 Qf7 34. Bg5 Qh7 35. Bf6 Qh5 36. Qf4 Qh7 37. e4 dxe4 38. Bxe4 Bxe4 39. Rxe4 Rd7 40. Ree2 Rff7 41. Qf3 Rxd2 42. Rxd2 Rf8 43. Qc6 Qf7 44. Qxb5 Ne3 45. Rd7 Qxd7 46. Qxd7 Rf7 47. Qe8+ Rf8 48. Qxg6# 1-0

[Event "CAN-op (Pinnacle 48th CAN Op Ch)"]
[Site "Toronto CAN"]
[Date "2011.07.13"]
[Round "5"]
[White "McTavish, Dale"]
[Black "Pechenkin, Vladimir"]
[Result "0-1"]
[WhiteElo "2205"]
[BlackElo "2408"]
[PlyCount "68"]
[GameId "2160767909707256"]
[EventDate "2011.07.09"]
[EventType "swiss"]
[EventRounds "9"]
[EventCountry "CAN"]
[SourceTitle "EXT 2022"]
[Source "ChessBase"]
[SourceDate "2021.10.06"]
[SourceVersion "1"]
[SourceVersionDate "2021.10.06"]
[SourceQuality "1"]

1. d4 f5 2. c4 Nf6 3. g3 g6 4. Bg2 Bg7 5. Nc3 O-O 6. Nf3 d6 7. O-O c6 8. b3 Qa5 9. Bb2 e5 10. e3 e4 11. Nd2 d5 12. a3 Be6 13. Ne2 g5 14. cxd5 cxd5 15. Rc1 Nc6 16. b4 Qd8 17. Nb3 Bf7 18. Qd2 Qd6 19. Nc5 b6 20. Na6 Bh5 21. Nc3 Qd7 22. Rfe1 Rac8 23. Bf1 f4 24. a4 Kh8 25. Ba3 Rg8 26. Rc2 Qf5 27. Rec1 Ne7 28. Nb5 Rxc2 29. Rxc2 Nc8 30. Rc7 Ne8 31. Rb7 Ned6 32. Nxd6 Nxd6 33. Rxa7 Nc4 34. Qc3 fxe3 0-1

[Event "CAN-op (Pinnacle 48th CAN Op Ch)"]
[Site "Toronto CAN"]
[Date "2011.07.13"]
[Round "5"]
[White "Melekhina, Alisa"]
[Black "Longo, Tyler"]
[Result "1-0"]
[WhiteElo "2262"]
[BlackElo "2087"]
[PlyCount "61"]
[GameId "2160767909707257"]
[EventDate "2011.07.09"]
[EventType "swiss"]
[EventRounds "9"]
[EventCountry "CAN"]

1. e4 d5 2. exd5 Qxd5 3. Nc3 Qd6 4. d4 Nf6 5. h3 c6 6. Nf3 Bf5 7. Bc4 Nbd7 8. O-O h6 9. Re1 e6 10. a3 Nb6 11. Bb3 Be7 12. Ne2 O-O 13. Bf4 Qd8 14. Ng3 Bh7 15. Qe2 Bd6 16. Ne5 Qe7 17. c4 c5 18. dxc5 Bxc5 19. Bc2 Bxc2 20. Qxc2 Rac8 21. Rad1 Nxc4 22. Nxc4 b5 23. Na5 g5 24. Nf5 Qe8 25. Nxh6+ Kg7 26. Bxg5 Bb4 27. Nf5+ exf5 28. Qxf5 Bxe1 29. Bxf6+ Kh6 30. Qg5+ Kh7 31. Qg7# 1-0

[Event "CAN-op (Pinnacle 48th CAN Op Ch)"]
[Site "Toronto CAN"]
[Date "2011.07.13"]
[Round "5"]
[White "Meszaros, Michal"]
[Black "Xu, Haizhou"]
[Result "0-1"]
[WhiteElo "2418"]
[BlackElo "2151"]
[PlyCount "152"]
[GameId "2160767909707258"]
[EventDate "2011.07.09"]
[EventType "swiss"]
[EventRounds "9"]
[EventCountry "CAN"]
[SourceTitle "EXT 2022"]
[Source "ChessBase"]
[SourceDate "2021.10.06"]
[SourceVersion "1"]
[SourceVersionDate "2021.10.06"]
[SourceQuality "1"]

1. e4 c5 2. Nf3 d6 3. d4 cxd4 4. Nxd4 Nf6 5. Nc3 a6 6. Be2 e5 7. Nb3 Be7 8. Be3 O-O 9. g4 Be6 10. g5 Nfd7 11. Qd2 b5 12. O-O-O Nb6 13. Nd5 Bxd5 14. exd5 Qc7 15. Na5 Nc4 16. Nxc4 bxc4 17. Rhg1 Nd7 18. Rg4 c3 19. Qxc3 Qxc3 20. bxc3 Rfb8 21. Rc4 Nc5 22. h4 Rb6 23. Rg1 a5 24. f4 exf4 25. Rxf4 Bf8 26. Rgf1 Rb7 27. Bc4 Rc8 28. Bd4 Re7 29. Bd3 Rcc7 30. Kd2 g6 31. Bf6 Re8 32. Bb5 Ne4+ 33. Kd3 Nxf6 34. gxf6 Re5 35. Bc6 Rc8 36. Rb1 Bh6 37. Ra4 Re3+ 38. Kd4 Rf3 39. Rxa5 Rxf6 40. Rb4 Rf3 41. Kc4 Bd2 42. Ra3 Rh3 43. Rab3 f5 44. Rb7 f4 45. Rb1 Rf8 46. Bd7 Rxc3+ 47. Kd4 f3 48. Be6+ Kh8 49. Rb8 Rxb8 50. Rxb8+ Kg7 51. Rb7+ Kh6 52. Bg8 Kh5 53. Rxh7+ Kg4 54. Be6+ Kg3 55. Rg7 g5 56. hxg5 f2 57. Rf7 Bf4 58. Bh3 Rf3 59. g6 Kxh3 60. Rh7+ Kg2 61. g7 Be5+ 62. Ke4 Bxg7 63. Rxg7+ Rg3 64. Rf7 Rg4+ 65. Kd3 f1=Q+ 66. Rxf1 Kxf1 67. c4 Rg3+ 68. Ke4 Rc3 69. Kf5 Re3 70. a4 Ke2 71. a5 Kd3 72. c5 Re5+ 73. Kf6 Rxd5 74. c6 Rc5 75. a6 Rxc6 76. a7 Ra6 0-1

[Event "CAN-op (Pinnacle 48th CAN Op Ch)"]
[Site "Toronto CAN"]
[Date "2011.07.13"]
[Round "5"]
[White "Milicevic, Goran"]
[Black "Drkulec, Vladimir"]
[Result "1-0"]
[WhiteElo "2288"]
[BlackElo "2002"]
[PlyCount "153"]
[GameId "2160767909707259"]
[EventDate "2011.07.09"]
[EventType "swiss"]
[EventRounds "9"]
[EventCountry "CAN"]
[SourceTitle "CBM 143 Extra"]
[Source "ChessBase"]
[SourceDate "2011.08.29"]
[SourceVersion "1"]
[SourceVersionDate "2011.08.29"]
[SourceQuality "1"]

1. e4 c5 2. Nf3 d6 3. c3 Nf6 4. Be2 Nc6 5. d3 e5 6. O-O Be7 7. Re1 O-O 8. Qc2 g6 9. a4 a6 10. Nbd2 Nd7 11. Bf1 Rb8 12. Nb3 Re8 13. d4 Bf6 14. dxc5 dxc5 15. a5 b5 16. axb6 Qxb6 17. Nbd2 Na5 18. Nc4 Nxc4 19. Bxc4 Nf8 20. Ra2 Ra8 21. Be3 Be6 22. Qa4 Reb8 23. Rea1 Qc7 24. h3 Kg7 25. Bd5 Bxd5 26. exd5 Bd8 27. Qc4 Nd7 28. Rxa6 Rxa6 29. Rxa6 Rxb2 30. Ng5 Rb1+ 31. Kh2 Nb6 32. Qh4 h5 33. Qe4 Re1 34. Nf3 Rf1 35. Qxe5+ f6 36. Qxc7+ Bxc7+ 37. g3 Nxd5 38. Bxc5 Nxc3 39. Ra3 Nd5 40. Rd3 Nb6 41. Bxb6 Bxb6 42. Kg2 Rc1 43. Rd7+ Kh6 44. Rd6 Bc5 45. Rxf6 Kg7 46. Rf4 Rc2 47. Ng5 Be3 48. Ne6+ Kh6 49. Rf3 Bc5 50. Rf7 g5 51. Rf6+ Kh7 52. Nxg5+ Kg7 53. Ne4 Re2 54. Rc6 Bd4 55. Kf3 Ra2 56. Rd6 Ba7 57. Nd2 Ra3+ 58. Ke2 h4 59. gxh4 Bb8 60. Rd8 Bf4 61. Nf3 Ra2+ 62. Kf1 Rb2 63. Ng5 Kg6 64. Rd5 Bb8 65. Ne4 Rb4 66. Rg5+ Kf7 67. Rg4 Rb2 68. h5 Be5 69. Kg2 Rb3 70. Ng5+ Kf8 71. f4 Ba1 72. h6 Kg8 73. f5 Rb7 74. Ra4 Be5 75. Re4 Re7 76. h7+ Kg7 77. Rxe5 1-0

[Event "CAN-op (Pinnacle 48th CAN Op Ch)"]
[Site "Toronto CAN"]
[Date "2011.07.13"]
[Round "5"]
[White "Moffat, Andrei"]
[Black "Yoos, John"]
[Result "1/2-1/2"]
[WhiteElo "2215"]
[BlackElo "2439"]
[PlyCount "65"]
[GameId "2160767909707260"]
[EventDate "2011.07.09"]
[EventType "swiss"]
[EventRounds "9"]
[EventCountry "CAN"]
[SourceTitle "EXT 2022"]
[Source "ChessBase"]
[SourceDate "2021.10.06"]
[SourceVersion "1"]
[SourceVersionDate "2021.10.06"]
[SourceQuality "1"]

1. Nc3 c5 2. Nf3 Nc6 3. e4 g6 4. d4 cxd4 5. Nxd4 Bg7 6. Be3 Nf6 7. Nxc6 bxc6 8. e5 Ng8 9. Bd4 Qa5 10. Bc4 Bxe5 11. O-O Nf6 12. Re1 d6 13. Bxe5 dxe5 14. Qe2 Nd7 15. Rad1 O-O 16. Bb3 Nc5 17. Qxe5 Nxb3 18. cxb3 Qxe5 19. Rxe5 Be6 20. Rc5 Rac8 21. Kf1 f6 22. Rd4 Kf7 23. Ke2 Rc7 24. Nb5 Rb7 25. Nc3 Rc8 26. b4 Rd7 27. Rxd7 Bxd7 28. Ra5 Rc7 29. Kd3 Ke8 30. Kd4 Kd8 31. Na4 Bc8 32. Nc5 e5+ 33. Ke3 1/2-1/2

[Event "CAN-op (Pinnacle 48th CAN Op Ch)"]
[Site "Toronto CAN"]
[Date "2011.07.13"]
[Round "5"]
[White "Mulyar, Michael"]
[Black "Mikhalevski, Victor"]
[Result "0-1"]
[WhiteElo "2410"]
[BlackElo "2569"]
[PlyCount "80"]
[GameId "2160767909707261"]
[EventDate "2011.07.09"]
[EventType "swiss"]
[EventRounds "9"]
[EventCountry "CAN"]
[SourceTitle "CBM 143 Extra"]
[Source "ChessBase"]
[SourceDate "2011.08.29"]
[SourceVersion "1"]
[SourceVersionDate "2011.08.29"]
[SourceQuality "1"]

1. c4 Nf6 2. Nf3 e6 3. g3 d5 4. d4 dxc4 5. Bg2 Nc6 6. O-O a6 7. Be3 Rb8 8. Qc1 Nd5 9. Qxc4 Nxe3 10. fxe3 g6 11. Nbd2 Bh6 12. Qc3 O-O 13. e4 e5 14. d5 Na7 15. Nxe5 Bg7 16. Qe3 Bxe5 17. Qxa7 Bg4 18. Nc4 Bg7 19. Qf2 c5 20. a4 b5 21. axb5 axb5 22. Na5 c4 23. Nc6 Qb6 24. e5 Qxf2+ 25. Rxf2 Rbe8 26. Ra5 Bxe5 27. Rxb5 Bd7 28. e3 Bd6 29. Re2 Bg4 30. Re1 Ra8 31. Bf1 Ra4 32. Rc1 Rfa8 33. Bxc4 Ra1 34. Rxa1 Rxa1+ 35. Kg2 Rc1 36. Bb3 Bf5 37. Rb7 Be4+ 38. Kh3 h5 39. Ra7 g5 40. Nd4 Rg1 0-1

[Event "CAN-op (Pinnacle 48th CAN Op Ch)"]
[Site "Toronto CAN"]
[Date "2011.07.13"]
[Round "5"]
[White "Olheiser, Gordon"]
[Black "Aird, Ian"]
[Result "1-0"]
[WhiteElo "1926"]
[BlackElo "2020"]
[PlyCount "109"]
[GameId "2160767909707262"]
[EventDate "2011.07.09"]
[EventType "swiss"]
[EventRounds "9"]
[EventCountry "CAN"]
[SourceTitle "CBM 143 Extra"]
[Source "ChessBase"]
[SourceDate "2011.08.29"]
[SourceVersion "1"]
[SourceVersionDate "2011.08.29"]
[SourceQuality "1"]

1. g3 e5 2. c4 Nf6 3. Bg2 g6 4. Nc3 Bg7 5. Nf3 d6 6. b4 a6 7. Rb1 O-O 8. O-O Re8 9. d3 h6 10. Nd2 c6 11. e4 Bg4 12. Qc2 Nh5 13. c5 Be6 14. Na4 d5 15. Nb6 Ra7 16. a4 Nf6 17. Nb3 Nbd7 18. a5 dxe4 19. dxe4 Bxb3 20. Rxb3 Nxb6 21. cxb6 Ra8 22. Be3 Qd7 23. Rd1 Qe6 24. Rbd3 Bf8 25. Bc5 Be7 26. Bxe7 Qxe7 27. Qd2 Kg7 28. Rd6 Rab8 29. Qc2 Rbd8 30. Qd2 Rxd6 31. Qxd6 Kf8 32. Qc7 Kg7 33. Qd6 Kf8 34. Qd2 Kg7 35. Qc3 Qe6 36. f3 Re7 37. Bf1 Rd7 38. Rxd7 Nxd7 39. Bc4 Qd6 40. Qd3 Qxd3 41. Bxd3 Kf6 42. Kf2 Ke7 43. Ke3 Kd6 44. Kd2 f6 45. Kc3 Nf8 46. Bf1 f5 47. exf5 gxf5 48. Bh3 Ke6 49. g4 Kf6 50. gxf5 Nd7 51. Kc4 Kg5 52. f6 Nxf6 53. Bc8 e4 54. fxe4 Nxe4 55. Bxb7 1-0

[Event "CAN-op (Pinnacle 48th CAN Op Ch)"]
[Site "Toronto CAN"]
[Date "2011.07.13"]
[Round "5"]
[White "Opaska, Michael"]
[Black "Ibrahim, Ismail"]
[Result "0-1"]
[WhiteElo "2001"]
[BlackElo "2110"]
[PlyCount "88"]
[GameId "2160767909707263"]
[EventDate "2011.07.09"]
[EventType "swiss"]
[EventRounds "9"]
[EventCountry "CAN"]
[SourceTitle "EXT 2022"]
[Source "ChessBase"]
[SourceDate "2021.10.06"]
[SourceVersion "1"]
[SourceVersionDate "2021.10.06"]
[SourceQuality "1"]

1. c4 Nf6 2. Nf3 g6 3. Nc3 Bg7 4. g3 b6 5. Bg2 Bb7 6. d3 O-O 7. Bd2 e5 8. O-O Qe7 9. h3 d5 10. cxd5 Nxd5 11. e4 Nb4 12. Be3 Rd8 13. Ne1 Qd7 14. Qb3 a5 15. a3 N4c6 16. Nf3 a4 17. Qc2 Nd4 18. Bxd4 exd4 19. Ne2 c5 20. Nd2 Nc6 21. f4 Na5 22. f5 Rac8 23. Nf4 b5 24. fxg6 hxg6 25. Rae1 Re8 26. Nd5 Qd6 27. e5 Rxe5 28. Ne4 Rxe4 29. dxe4 Nc4 30. g4 Bxd5 31. exd5 Ne3 32. Rxe3 dxe3 33. Re1 c4 34. Re2 c3 35. b4 axb3 36. Qxb3 Qc5 37. Be4 Bd4 38. Kg2 Kg7 39. Rc2 Ra8 40. Bd3 Rxa3 41. Qxb5 Qd6 42. Qc6 Qf4 43. d6 Be5 44. d7 Ra1 0-1

[Event "CAN-op (Pinnacle 48th CAN Op Ch)"]
[Site "Toronto CAN"]
[Date "2011.07.13"]
[Round "5"]
[White "Orlova, Yelizaveta"]
[Black "Ugodnikov, Arkadiy"]
[Result "1/2-1/2"]
[WhiteElo "2073"]
[BlackElo "1818"]
[PlyCount "99"]
[GameId "2160767909707264"]
[EventDate "2011.07.09"]
[EventType "swiss"]
[EventRounds "9"]
[EventCountry "CAN"]

1. b3 d5 2. Bb2 c6 3. e3 Bf5 4. Nf3 e6 5. d4 Nd7 6. Bd3 Bg6 7. Qe2 Ngf6 8. Nbd2 Ne4 9. O-O Be7 10. Ne5 Nxe5 11. dxe5 Nxd2 12. Qxd2 Bxd3 13. cxd3 O-O 14. f4 f5 15. Qe2 Qb6 16. Kh1 a5 17. Bc3 Bb4 18. Bd4 Bc5 19. Bxc5 Qxc5 20. d4 Qb4 21. g4 Qe7 22. Rg1 fxg4 23. Rxg4 a4 24. Rag1 Rf7 25. h4 axb3 26. axb3 b5 27. h5 h6 28. Qg2 Ra7 29. Qh3 c5 30. dxc5 d4 31. e4 Qxc5 32. Rf1 Qc2 33. Rg2 Qxe4 34. Qxe6 Ra2 35. Qg6 Qxg2+ 36. Qxg2 Rxg2 37. Kxg2 Rf5 38. Kg3 Rxh5 39. Kg4 Rh2 40. Rd1 Rb2 41. Rxd4 Rxb3 42. Kf5 Rc3 43. Rb4 Rc5 44. Ke6 Rc4 45. Rxc4 bxc4 46. Kd7 c3 47. e6 c2 48. e7 c1=Q 49. e8=Q+ Kh7 50. Qe4+ 1/2-1/2

[Event "CAN-op (Pinnacle 48th CAN Op Ch)"]
[Site "Toronto CAN"]
[Date "2011.07.13"]
[Round "5"]
[White "Pedersen, Rick"]
[Black "Inigo, Aquino"]
[Result "0-1"]
[WhiteElo "1988"]
[BlackElo "1962"]
[PlyCount "90"]
[GameId "2160767909707266"]
[EventDate "2011.07.09"]
[EventType "swiss"]
[EventRounds "9"]
[EventCountry "CAN"]
[SourceTitle "CBM 143 Extra"]
[Source "ChessBase"]
[SourceDate "2011.08.29"]
[SourceVersion "1"]
[SourceVersionDate "2011.08.29"]
[SourceQuality "1"]

1. e4 e6 2. d4 d5 3. e5 c5 4. c3 Nc6 5. Nf3 Qb6 6. a3 Nh6 7. b4 cxd4 8. cxd4 Nf5 9. Bb2 Bd7 10. Be2 Be7 11. O-O Nh4 12. Nxh4 Bxh4 13. Qd3 O-O 14. Nd2 Be7 15. Nb3 Qd8 16. Rac1 Rc8 17. Qd2 f6 18. b5 Nb8 19. Rxc8 Bxc8 20. Bd3 fxe5 21. dxe5 Nd7 22. Qc2 h6 23. f4 b6 24. Nd4 Bc5 25. Kh1 Bxd4 26. Bxd4 Qe7 27. Bb2 Nc5 28. Bg6 Bd7 29. a4 a6 30. bxa6 Bxa4 31. Qf2 Bb5 32. Ra1 Bxa6 33. Ba3 Bc4 34. Rb1 Qa7 35. Bb2 Bd3 36. Bxd3 Nxd3 37. Qc2 Nxb2 38. Qxb2 Rxf4 39. g3 Re4 40. Qb5 Rxe5 41. Qe8+ Kh7 42. Rf1 Re2 43. Qb5 Qa2 44. Qd3+ Re4 45. Qf3 Qe2 0-1

[Event "CAN-op (Pinnacle 48th CAN Op Ch)"]
[Site "Toronto CAN"]
[Date "2011.07.13"]
[Round "5"]
[White "Perez Rodriguez, Luis Manuel"]
[Black "Golod, Vitali"]
[Result "1/2-1/2"]
[WhiteElo "2467"]
[BlackElo "2582"]
[PlyCount "46"]
[GameId "2160767909707267"]
[EventDate "2011.07.09"]
[EventType "swiss"]
[EventRounds "9"]
[EventCountry "CAN"]
[SourceTitle "CBM 143 Extra"]
[Source "ChessBase"]
[SourceDate "2011.08.29"]
[SourceVersion "1"]
[SourceVersionDate "2011.08.29"]
[SourceQuality "1"]

1. e4 e5 2. Nf3 Nc6 3. Bb5 a6 4. Ba4 Nf6 5. O-O Be7 6. Re1 b5 7. Bb3 d6 8. c3 O-O 9. h3 Na5 10. Bc2 c5 11. d4 Qc7 12. a3 Nc4 13. a4 cxd4 14. cxd4 Bd7 15. Nbd2 Nb6 16. axb5 axb5 17. Rxa8 Rxa8 18. b3 Rc8 19. Bd3 Nh5 20. Nf1 Nf4 21. Be3 Nxd3 22. Qxd3 Be8 23. Rc1 Qxc1 1/2-1/2

[Event "CAN-op (Pinnacle 48th CAN Op Ch)"]
[Site "Toronto CAN"]
[Date "2011.07.13"]
[Round "5"]
[White "Picana, Andrew"]
[Black "Wang, Jesse BJ"]
[Result "1/2-1/2"]
[WhiteElo "2140"]
[BlackElo "1998"]
[PlyCount "143"]
[GameId "2160767909707268"]
[EventDate "2011.07.09"]
[EventType "swiss"]
[EventRounds "9"]
[EventCountry "CAN"]
[SourceTitle "hb 2011"]

1. d4 d5 2. Nf3 Nf6 3. c4 c6 4. e3 e6 5. Nc3 Nbd7 6. Bd3 dxc4 7. Bxc4 b5 8. Bd3 Bb7 9. O-O a6 10. a3 c5 11. Qe2 Bd6 12. Rd1 O-O 13. e4 cxd4 14. Nxd4 Qb8 15. Nf3 Rd8 16. Bg5 h6 17. Bh4 g5 18. Bg3 Bxg3 19. hxg3 Ne5 20. Bc2 Nxf3+ 21. gxf3 Qe5 22. Qe3 a5 23. Qb6 Rdb8 24. Qd6 Qxd6 25. Rxd6 Ne8 26. Rd2 Bc6 27. Ne2 e5 28. g4 b4 29. Ng3 bxa3 30. bxa3 Rb2 31. Nf1 Rc8 32. Bd1 Rxd2 33. Nxd2 Bb5 34. a4 Bc4 35. Bb3 Ba6 36. Bd5 Nf6 37. Nb3 Nxd5 38. exd5 Rd8 39. Nxa5 Rxd5 40. Nc6 Rc5 41. Ne7+ Kf8 42. Nf5 Bd3 43. Nd6 Ke7 44. Ne4 Ra5 45. Nc3 Ke6 46. Kg2 Kf6 47. Rd1 Bc2 48. Rd2 Bb3 49. Rb2 Bc4 50. Rb6+ Kg7 51. Kg3 Bd3 52. Rb4 Kg6 53. Nd1 Ra6 54. Ne3 h5 55. gxh5+ Kxh5 56. Rb3 e4 57. Ra3 Rf6 58. fxe4 Bxe4 59. Nf1 Ra6 60. a5 f5 61. f3 Bd5 62. Kf2 f4 63. Nd2 g4 64. fxg4+ Kxg4 65. Nb1 Bc4 66. Nc3 Rd6 67. Ra4 Ba6 68. Ne4 Rc6 69. Ra2 Bd3 70. Nd2 Re6 71. Nf3 Ba6 72. Nh2+ 1/2-1/2

[Event "CAN-op (Pinnacle 48th CAN Op Ch)"]
[Site "Toronto CAN"]
[Date "2011.07.13"]
[Round "5"]
[White "Pieri, Enzo"]
[Black "Razzaq, Ali"]
[Result "1/2-1/2"]
[WhiteElo "1734"]
[BlackElo "1967"]
[PlyCount "113"]
[GameId "2160767909707269"]
[EventDate "2011.07.09"]
[EventType "swiss"]
[EventRounds "9"]
[EventCountry "CAN"]
[SourceTitle "hb 2011"]

1. d4 d5 2. Nf3 Nf6 3. Bg5 c5 4. c3 Qb6 5. Qb3 Nc6 6. dxc5 Qxc5 7. Be3 Qa5 8. g3 Qc7 9. Bg2 e5 10. O-O Bd6 11. Bg5 Be6 12. Qc2 Ng4 13. e4 d4 14. cxd4 exd4 15. Na3 a6 16. Nc4 Bxc4 17. Qxc4 h6 18. Bd2 Rd8 19. Rac1 Qb6 20. h3 Nge5 21. Nxe5 Nxe5 22. Qa4+ Qb5 23. Qxb5+ axb5 24. f4 Nc4 25. Be1 Nxb2 26. Rb1 Ba3 27. Bb4 Nc4 28. Bxa3 Nxa3 29. Rb3 Ra8 30. Rd1 Nc2 31. Rxb5 O-O 32. Rxb7 Rxa2 33. Rd2 Rd8 34. e5 Ra1+ 35. Kf2 Ne3 36. Be4 Rf1+ 37. Ke2 Rg1 38. Rxd4 Rc8 39. Kxe3 Rxg3+ 40. Kf2 Rgc3 41. Rbd7 g6 42. Rd8+ Rxd8 43. Rxd8+ Kg7 44. Rd3 Rc2+ 45. Kg3 Rc7 46. h4 h5 47. f5 Rc4 48. Kf4 gxf5 49. Kxf5 Ra4 50. Rg3+ Kh6 51. Kf4 Rb4 52. Rg8 Rb6 53. Rh8+ Kg7 54. Rh7+ Kf8 55. Rxh5 f6 56. Rh6 fxe5+ 57. Kg5 1/2-1/2

[Event "CAN-op (Pinnacle 48th CAN Op Ch)"]
[Site "Toronto CAN"]
[Date "2011.07.13"]
[Round "5"]
[White "Pitre, Hanniegn"]
[Black "Zhao, Yue Tong (Davy)"]
[Result "0-1"]
[WhiteElo "1907"]
[BlackElo "1512"]
[PlyCount "64"]
[GameId "2160767909707270"]
[EventDate "2011.07.09"]
[EventType "swiss"]
[EventRounds "9"]
[EventCountry "CAN"]
[SourceTitle "hb 2011"]

1. e4 c5 2. Nc3 Nc6 3. f4 d6 4. Nf3 Qc7 5. Nd5 Qb8 6. d4 e6 7. dxc5 exd5 8. exd5 Nce7 9. Bb5+ Bd7 10. Bxd7+ Kxd7 11. cxd6 Qxd6 12. Ne5+ Ke8 13. c4 Nf6 14. Qa4+ Nd7 15. Bd2 a5 16. O-O-O f6 17. Bb4 b5 18. Bxd6 bxa4 19. Nc6 Nxc6 20. dxc6 Nb6 21. Rhe1+ Kf7 22. c5 Nc8 23. f5 Ra7 24. Re6 Be7 25. Bb8 Ra8 26. c7 Bxc5 27. Rd7+ Be7 28. Rexe7+ Nxe7 29. g4 Rc8 30. Kb1 Ke8 31. Rd4 Nc6 32. Rxa4 Nxb8 0-1

[Event "CAN-op (Pinnacle 48th CAN Op Ch)"]
[Site "Toronto CAN"]
[Date "2011.07.13"]
[Round "5"]
[White "Rachar, Sean"]
[Black "Southam, David"]
[Result "1-0"]
[WhiteElo "1980"]
[BlackElo "2124"]
[PlyCount "139"]
[GameId "2160767909707273"]
[EventDate "2011.07.09"]
[EventType "swiss"]
[EventRounds "9"]
[EventCountry "CAN"]
[SourceTitle "hb 2011"]

1. d4 Nf6 2. c4 g6 3. Nc3 Bg7 4. e4 d6 5. Be2 O-O 6. Nf3 Na6 7. O-O e5 8. Bg5 h6 9. Be3 Ng4 10. Bc1 Qe8 11. Re1 c6 12. dxe5 dxe5 13. h3 Nf6 14. Qd6 Qd7 15. Qxe5 Nd5 16. Qg3 Nxc3 17. bxc3 Qe7 18. e5 Nc5 19. Qf4 Ne6 20. Qe3 c5 21. Nd2 b6 22. f4 Bb7 23. Bf3 Rad8 24. Ne4 Bxe4 25. Qxe4 Rd7 26. f5 gxf5 27. Qxf5 Rfd8 28. Bd5 b5 29. Be3 bxc4 30. Bxc4 Nc7 31. Bf4 Ne6 32. Be3 Nc7 33. Bc1 Rd1 34. Bf4 Rxa1 35. Rxa1 Ne6 36. Be3 Qd7 37. Rf1 a5 38. Qg4 Ng5 39. Qg3 Qe7 40. Bxg5 Qxg5 41. Qxg5 hxg5 42. Rxf7 Kh7 43. Rc7 Re8 44. e6 Kg6 45. Rxc5 Kh6 46. Bd5 a4 47. a3 Bf8 48. Ra5 Bxa3 49. Rxa4 Bc5+ 50. Kf1 Kg6 51. Ke2 Kf6 52. Re4 Be7 53. Kd3 Rb8 54. Kd4 Rc8 55. Rg4 Bc5+ 56. Ke4 Rb8 57. h4 gxh4 58. Rxh4 Rg8 59. Rf4+ Kg5 60. Rf5+ Kg4 61. Ke5 Re8 62. Bf3+ Kg3 63. Rg5+ Kf2 64. Rg7 Ke3 65. Kd5 Ba3 66. Bh5 Rc8 67. e7 Bxe7 68. Rxe7+ Kf2 69. c4 Kxg2 70. c5 1-0

[Event "CAN-op (Pinnacle 48th CAN Op Ch)"]
[Site "Toronto CAN"]
[Date "2011.07.13"]
[Round "5"]
[White "Regan, Kenneth"]
[Black "Pitre, Ron"]
[Result "1-0"]
[WhiteElo "2422"]
[BlackElo "2190"]
[PlyCount "63"]
[GameId "2160767909707274"]
[EventDate "2011.07.09"]
[EventType "swiss"]
[EventRounds "9"]
[EventCountry "CAN"]
[SourceTitle "EXT 2022"]
[Source "ChessBase"]
[SourceDate "2021.10.06"]
[SourceVersion "1"]
[SourceVersionDate "2021.10.06"]
[SourceQuality "1"]

1. e4 e6 2. d4 d5 3. e5 Nc6 4. Nf3 b6 5. Bb5 Bb7 6. c3 Qd7 7. O-O O-O-O 8. a4 Kb8 9. Qe2 f5 10. a5 Nge7 11. axb6 cxb6 12. Bg5 h6 13. Bxe7 Bxe7 14. Nbd2 Rc8 15. Ra4 Rc7 16. Rfa1 Qc8 17. Ne1 Ba8 18. Nc2 Rd8 19. b4 Bf8 20. Na3 Qd7 21. Qd1 Bb7 22. Bd3 Bc8 23. Nb5 Rb7 24. Qb3 Qf7 25. Qa3 Rdd7 26. c4 dxc4 27. Nxc4 Nxd4 28. Nbd6 Bxd6 29. Nxd6 Rxd6 30. exd6 Qd7 31. b5 e5 32. f4 1-0